Personnages de Dragon Ball par images - Statistiques

Statistiques générales
  • Ce quiz a été pris 9 729 fois
  • Le résultat moyen est 18 sur 20
Statistiques - réponses
Par images Réponse % Correct
Sangoku
100%
Vegeta
99%
Bulma
98%
Krillin
98%
Piccolo
98%
Freezer
97%
Majin Boo
96%
Sangohan
96%
C-18
94%
Cell
94%
Trunks
94%
Sangoten
92%
Chichi
91%
Yamcha
91%
Mr. Satan
89%
Tortue Géniale
89%
Raditz
81%
Ten Shin Han
79%
Chaozu
65%
Oolong
59%
Aucun quiz correspondant
Distribution des résultats
% des personnes avec chaque résultat
Percentile par nombre de réponses
Votre historique - résultats
Vous n’avez pas pris ce quiz